Tutte le poesie

Gespeichert in:
Bibliographische Detailangaben
1. Verfasser: Manzoni, Alessandro
Format: Buch
Sprache:Undetermined
Veröffentlicht: Milan, Italia Garzanti 2007
Schlagworte:
Tags: Tag hinzufügen
Keine Tags, Fügen Sie den ersten Tag hinzu!

MARC

LEADER 00000nam a2200000Ia 4500
008 170316s9999 xx 000 0 und d
999 |c 8171  |d 8171 
040 |a cru BVZT 
090 |a 850 M-2.1t 
100 |a Manzoni, Alessandro 
245 |a Tutte le poesie  |c / Alessandro Manzoni 
260 |a Milan, Italia  |b Garzanti  |c 2007 
300 |a 273 páginas 
650 |a LITERATURA ITALIANA  |9 212 
650 |a POESÍA  |9 18 
650 |a EN IDIOMA ITALIANO 
942 |c 15 D  |h 850 M-2.1t  |2 z